<?xml version="1.0" encoding="UTF-8"?><?xml-stylesheet type="text/xsl" href="static/style.xsl"?><OAI-PMH xmlns="http://www.openarchives.org/OAI/2.0/" xmlns:xsi="http://www.w3.org/2001/XMLSchema-instance" xsi:schemaLocation="http://www.openarchives.org/OAI/2.0/ http://www.openarchives.org/OAI/2.0/OAI-PMH.xsd"><responseDate>2026-04-18T03:41:15Z</responseDate><request verb="GetRecord" identifier="oai:www.recercat.cat:2072/458509" metadataPrefix="marc">https://recercat.cat/oai/request</request><GetRecord><record><header><identifier>oai:recercat.cat:2072/458509</identifier><datestamp>2026-04-08T06:46:40Z</datestamp><setSpec>com_2072_98</setSpec><setSpec>col_2072_378192</setSpec></header><metadata><record xmlns="http://www.loc.gov/MARC21/slim" xmlns:dcterms="http://purl.org/dc/terms/" xmlns:xsi="http://www.w3.org/2001/XMLSchema-instance" xmlns:doc="http://www.lyncode.com/xoai" xsi:schemaLocation="http://www.loc.gov/MARC21/slim http://www.loc.gov/standards/marcxml/schema/MARC21slim.xsd">
   <leader>00925njm 22002777a 4500</leader>
   <datafield ind2=" " ind1=" " tag="042">
      <subfield code="a">dc</subfield>
   </datafield>
   <datafield ind2=" " ind1=" " tag="720">
      <subfield code="a">Sánchez-Bolívar, Lionel</subfield>
      <subfield code="e">author</subfield>
   </datafield>
   <datafield ind2=" " ind1=" " tag="720">
      <subfield code="a">Escalante-González, Sergio</subfield>
      <subfield code="e">author</subfield>
   </datafield>
   <datafield ind2=" " ind1=" " tag="720">
      <subfield code="a">Vázquez, Lindsay Michelle</subfield>
      <subfield code="e">author</subfield>
   </datafield>
   <datafield ind2=" " ind1=" " tag="260">
      <subfield code="c">2022</subfield>
   </datafield>
   <datafield ind2=" " ind1=" " tag="520">
      <subfield code="a">La situación sanitaria actual ha supuesto un gran reto para el alumnado y el profesorado de todas las etapas educativas. En este sentido, ha sido imperativo adaptar el proceso de enseñanza-aprendizaje a las restricciones sanitarias derivadas de la COVID-19. El objetivo de este análisis es analizar la motivación de los estudiantes de Ciencias de la Educación en relación con su género, su tendencia religiosa y sus habilidades sociales. En la presente investigación participaron un total de 130 estudiantes matriculados en la Universidad de Granada, en los campus de Ceuta y de Melilla (M = 23,38; DT = 6,95), en una investigación ex post facto, de naturaleza cuantitativa, con un diseño descriptivo, correlacional y de corte transversal, que respondieron a la versión española de la escala de motivación situacional de Guay, Vallerand y Blanchard (2000). Entre los resultados se puede destacar que la población más motivada intrínsecamente es la femenina y de religión católica. Respecto a las habilidades sociales, la sociabilidad, la comunicación y la asertividad son las que influyen en el grado de motivación del alumnado. Los resultados de este estudio reflejan la utilidad de analizar la motivación de los universitarios para brindarles una enseñanza más individualizada, destacando que existe una importante necesidad de trabajar sus habilidades sociales.</subfield>
   </datafield>
   <datafield ind2=" " ind1=" " tag="520">
      <subfield code="a">La situació sanitària actual ha suposat un gran repte per a l'alumnat i el professorat de totes les etapes educatives. En aquest sentit, ha estat imperatiu adaptar el procés d'ensenyament- aprenentatge a les restriccions sanitàries derivades de la COVID-19. En la present investigació hi van participar un total de 130 estudiants universitaris matriculats a la Universitat de Granada, en els campus de Ceuta i de Melilla (M = 23,38; DT = 6,95), en un estudi ex post facto, de naturalesa quantitativa, amb un disseny descriptiu, correlacional i de tall transversal, que van respondre a l'adaptació a l'espanyol de l'escala de motivació situacional de Guay, Vallerand i Blanchard (2000). Entre els resultats es pot destacar que la població més motivada intrínsecament és la femenina i de religió catòlica. Pel que fa a les habilitats socials, la sociabilitat, la comunicació i l'assertivitat són les que influeixen en el grau de motivació de l'alumnat. Les dades extretes d'aquest estudi reflecteixen la utilitat d'analitzar la motivació dels universitaris per brindar-los un ensenyament més individualitzat, destacant que hi ha una important necessitat de treballar-ne les habilitats socials.</subfield>
   </datafield>
   <datafield ind2=" " ind1=" " tag="520">
      <subfield code="a">The current health situation has posed a significant challenge for students and teachers of all educational stages, as they have had to adapt the teaching-learning process to the health restrictions imposed during the COVID-19 pandemic. The aim of this study is to analyze the motivation of university students in education sciences in relation to their gender, religious tendencies, and social skills. A total of 130 university students enrolled in the University of Granada at the Ceuta and Melilla campuses (M = 23.38; SD = 6.95) participated in this research in an ex post facto quantitative study with a descriptive, correlational, and cross-sectional design. The students responded to the adaptation into Spanish of the Situational Motivation Scale of Guay et al. (2000). Among the results, it can be highlighted that the most intrinsically motivated population is female and Catholic. Regarding social skills, sociability, communication, and assertiveness are the skills that most influence student's degree of motivation. The data drawn from this study demonstrate the usefulness of analyzing students' motivation to provide them with more individualized teaching, as well as the need to work on students' social skills.</subfield>
   </datafield>
   <datafield tag="653" ind2=" " ind1=" ">
      <subfield code="a">Estudiantes universitarios</subfield>
   </datafield>
   <datafield tag="653" ind2=" " ind1=" ">
      <subfield code="a">Género</subfield>
   </datafield>
   <datafield tag="653" ind2=" " ind1=" ">
      <subfield code="a">Habilidades sociales</subfield>
   </datafield>
   <datafield tag="653" ind2=" " ind1=" ">
      <subfield code="a">Motivación</subfield>
   </datafield>
   <datafield tag="653" ind2=" " ind1=" ">
      <subfield code="a">Aprendizaje individualizado</subfield>
   </datafield>
   <datafield tag="653" ind2=" " ind1=" ">
      <subfield code="a">Religión</subfield>
   </datafield>
   <datafield tag="653" ind2=" " ind1=" ">
      <subfield code="a">Educación superior</subfield>
   </datafield>
   <datafield tag="653" ind2=" " ind1=" ">
      <subfield code="a">Estudiantes</subfield>
   </datafield>
   <datafield tag="653" ind2=" " ind1=" ">
      <subfield code="a">Psicología</subfield>
   </datafield>
   <datafield tag="653" ind2=" " ind1=" ">
      <subfield code="a">Universidad</subfield>
   </datafield>
   <datafield tag="653" ind2=" " ind1=" ">
      <subfield code="a">Aprenentatge individualitzat</subfield>
   </datafield>
   <datafield tag="653" ind2=" " ind1=" ">
      <subfield code="a">Estudiants universitaris</subfield>
   </datafield>
   <datafield tag="653" ind2=" " ind1=" ">
      <subfield code="a">Gènere</subfield>
   </datafield>
   <datafield tag="653" ind2=" " ind1=" ">
      <subfield code="a">Habilitats socials</subfield>
   </datafield>
   <datafield tag="653" ind2=" " ind1=" ">
      <subfield code="a">Motivació</subfield>
   </datafield>
   <datafield tag="653" ind2=" " ind1=" ">
      <subfield code="a">Religió</subfield>
   </datafield>
   <datafield tag="653" ind2=" " ind1=" ">
      <subfield code="a">Individualized learning</subfield>
   </datafield>
   <datafield tag="653" ind2=" " ind1=" ">
      <subfield code="a">University students</subfield>
   </datafield>
   <datafield tag="653" ind2=" " ind1=" ">
      <subfield code="a">Gender</subfield>
   </datafield>
   <datafield tag="653" ind2=" " ind1=" ">
      <subfield code="a">Social skills</subfield>
   </datafield>
   <datafield tag="653" ind2=" " ind1=" ">
      <subfield code="a">Motivation</subfield>
   </datafield>
   <datafield tag="653" ind2=" " ind1=" ">
      <subfield code="a">Religion</subfield>
   </datafield>
   <datafield ind2="0" ind1="0" tag="245">
      <subfield code="a">Motivación de los estudiantes universitarios de Ciencias de la Educación según género, cultura religiosa y habilidad social durante la pandemia de COVID-19</subfield>
   </datafield>
</record></metadata></record></GetRecord></OAI-PMH>